000 00384pab a2200157 454500
008 180718b2001 xxu||||| |||| 00| 0 eng d
100 _aMukherjee, Rudrangshu
245 _aOf mice and men
260 _c2001
300 _ap.12
362 _a22 Jun
650 _aWest Bengal - Politics and government
650 _aPolitics and government
773 _aTelegraph
909 _a49608
999 _c49608
_d49608